| 000 | 00557nmm a2200169Ia 4500 | ||
|---|---|---|---|
| 008 | 251105s9999||||xx |||||||||||||||||und|| | ||
| 020 | _a9788416421619 | ||
| 041 | _aspa | ||
| 100 | _aÁngeles Cerón, Francisco de Jesús | ||
| 245 | 0 | _aUna poética del pensamiento: ensayo sobre el lenguaje y la creación | |
| 264 |
_a[Madrid, España] : _bAnthropos, _c2017 |
||
| 300 | _a96 páginas | ||
| 490 | _aPensamiento crítico / Pensamiento utópico | ||
| 650 | _aPhilosophy, Ethics | ||
| 856 | _uhttps://public.digitaliapublishing.com/a/54647 | ||
| 942 | _cCF | ||
| 999 |
_c77754 _d77754 |
||